[Event "Tata Steel IND Blitz Open"]
[Site "Kolkata IND"]
[Date "2023.09.08"]
[Round "5.2"]
[White "Erigaisi, Arjun"]
[Black "Vidit, Santosh Gujrathi"]
[Result "1/2-1/2"]
[WhiteTitle "GM"]
[BlackTitle "GM"]
[WhiteElo "2712"]
[BlackElo "2716"]
[WhiteFideId "35009192"]
[BlackFideId "5029465"]
[EventDate "2023.09.08"]

1. d4 d5 2. c4 c6 3. Nf3 Nf6 4. cxd5 cxd5 5. Nc3 Nc6 6. Bf4 Bf5 7. Qb3 Na5 8.
Qa4+ Bd7 9. Qc2 e6 10. e3 Rc8 11. Bd3 Be7 12. h3 O-O 13. O-O b5 14. a3 Nc4 15.
Ne5 Be8 16. Rfc1 a6 17. Qe2 Nd7 18. Nf3 Ndb6 19. e4 dxe4 20. Nxe4 h6 21. b3 Nxa3
22. Nc5 Nd5 23. Bd2 b4 24. Bxa6 Rb8 25. Ne5 Nb5 26. Bxb5 Bxb5 27. Qf3 Ra8 28.
Rxa8 Qxa8 29. Qg3 Kh7 30. Nxe6 fxe6 31. Qg6+ Kh8 32. Qxe6 Be8 33. Bxh6 Rf6 34.
Qc8 Qxc8 35. Rxc8 Rf8 36. Bd2 Kg8 37. Rc1 Bb5 38. Ng6 Rd8 39. Nxe7+ Nxe7 40.
Bxb4 Nc6 41. Bc5 Nxd4 42. Bxd4 Rxd4 43. Rc8+ Kh7 44. Rc5 Rb4 45. f3 Rxb3 46. Kh2
Rb2 47. Rg5 Kh6 48. Rg4 Bc6 49. Kg1 g6 50. Rc4 Bd5 51. Rd4 Be6 52. Re4 Bc8 53.
Rc4 Bb7 54. Rh4+ Kg7 55. Rd4 Bc8 56. Rc4 Be6 57. Re4 Kf6 58. Rf4+ Bf5 59. Rc4
Rb1+ 60. Kf2 Bd3 61. Rd4 Bb5 62. Rd5 Rb2+ 63. Kg1 Bc4 64. Rc5 Be6 65. Ra5 Rd2
66. Rc5 Bd5 67. Ra5 Ke5 68. Ra4 Kf5 69. Rg4 Rc2 70. Rd4 Be6 71. Ra4 Bc4 72. Rb4
Kf4 73. Kh2 Ke3 74. Kg1 Rc1+ 75. Kh2 Kf2 76. Rb6 Bd3 77. Rd6 Rc3 78. h4 Rc4 79.
Kh3 Bf5+ 80. g4 Bc2 81. h5 gxh5 82. Rd5 Kxf3 83. gxh5 Be4 84. Ra5 Kf4 85. h6 Rc1
86. Ra2 Rh1+ 87. Rh2 Rg1 88. Rf2+ Ke3 89. Rh2 Bf5+ 90. Kh4 Kf4 91. h7 Bxh7 92.
Rf2+ Ke5 93. Kh3 Be4 94. Kh2 Rg7 95. Kh3 Kd4 96. Rf4 Ke3 97. Rf6 Bf3 98. Kh4 Kf2
99. Rf5 Ke2 100. Re5+ Kf2 101. Rf5 Rg4+ 102. Kh5 Ke3 103. Kh6 Be4 104. Rg5 Rh4+
105. Kg7 Kf4 106. Rg1 Rh7+ 107. Kf6 Rh6+ 108. Ke7 Ke5 109. Re1 Rh7+ 110. Ke8 Kd5
111. Kf8 Rc7 112. Re2 Bf5 113. Re7 Rc8+ 114. Kf7 Kd6 115. Re1 Rc2 116. Rd1+ Ke5
117. Re1+ Be4 118. Ke7 Rc7+ 119. Ke8 Kf4 120. Kd8 Rg7 121. Re2 Bd5 122. Re7 Rg6
123. Kc7 Be6 124. Kd6 Rh6 125. Rg7 Bc4+ 126. Kc5 Ba2 127. Rg2 Bb1 128. Kd4 Rd6+
129. Kc5 Rd8 130. Re2 Be4 131. Rh2 Ke5 132. Rh5+ Bf5 133. Kb4 Rc8 134. Kb5 Ke4
135. Kb4 Be6 136. Rc5 Rd8 137. Rc6 Bd5 138. Rh6 Kd4 139. Rh4+ Be4 140. Rg4 Rb8+
141. Ka4 Kd5 142. Ka3 Rb7 143. Rh4 Bd3 144. Rb4 Rc7 145. Rh4 Kc5 146. Kb3 Bb5
147. Rh5+ Kb6 148. Rh4 Rd7 149. Kc3 Ka5 150. Rd4 Rc7+ 151. Kd2 Bc4 152. Rh4 Kb4
153. Ke3 Kc3 154. Rf4 Rd7 155. Rf8 Re7+ 156. Kf4 Kd4 1/2-1/2

[Event "Tata Steel IND Blitz Open"]
[Site "Kolkata IND"]
[Date "2023.09.08"]
[Round "5.3"]
[White "Radjabov, Teimour"]
[Black "Grischuk, Alexander"]
[Result "1/2-1/2"]
[WhiteTitle "GM"]
[BlackTitle "GM"]
[WhiteElo "2745"]
[BlackElo "2732"]
[WhiteFideId "13400924"]
[BlackFideId "4126025"]
[EventDate "2023.09.08"]

1. d4 d5 2. c4 c6 3. Nf3 Nf6 4. Nc3 dxc4 5. e4 b5 6. Be2 e6 7. O-O Bb7 8. a4 a6
9. b3 cxb3 10. Qxb3 b4 11. e5 Nd5 12. Ne4 Nd7 13. Bg5 Qc7 14. a5 h6 15. Bh4 g5
16. Bg3 Be7 17. Nd6+ Bxd6 18. exd6 Qd8 19. Ne5 h5 20. h3 Nxe5 21. Bxe5 f6 22.
Bh2 Kf7 23. Bc4 Qd7 24. Rfe1 Rac8 25. Bxd5 cxd5 26. Qxb4 Rc4 27. Qb6 Rc6 28. Qb1
Rc4 29. Qb6 Rc6 30. Qb2 Rc4 31. Qb6 1/2-1/2

[Event "Tata Steel IND Blitz Open"]
[Site "Kolkata IND"]
[Date "2023.09.08"]
[Round "5.4"]
[White "Praggnanandhaa, R"]
[Black "Harikrishna, Pentala"]
[Result "1-0"]
[WhiteTitle "GM"]
[BlackTitle "GM"]
[WhiteElo "2727"]
[BlackElo "2711"]
[WhiteFideId "25059530"]
[BlackFideId "5007003"]
[EventDate "2023.09.08"]

1. e4 e5 2. Nf3 Nc6 3. Bc4 Bc5 4. c3 Nf6 5. d3 d6 6. Nbd2 a5 7. h3 h6 8. Nf1 Ba7
9. Bb3 Be6 10. Bc2 d5 11. exd5 Qxd5 12. Ng3 O-O 13. O-O Rfe8 14. Re1 Rad8 15.
Be3 Bxe3 16. Rxe3 Qd6 17. Qd2 Nd5 18. Ree1 Kh8 19. Ne4 Qf8 20. Ba4 Bd7 21. Ng3
Nf4 22. d4 Nxd4 23. cxd4 Bxa4 24. Nxe5 Ne6 25. Qxa5 Rxd4 26. b3 b6 27. Qc3 Bb5
28. Nf5 Rd5 29. Nxh6 Ng5 30. Nhxf7+ Kg8 31. Nxg5 Rc5 32. Qg3 Qf6 33. Nef3 Rd8
34. Ne4 1-0

[Event "Tata Steel IND Blitz Open"]
[Site "Kolkata IND"]
[Date "2023.09.08"]
[Round "5.5"]
[White "Keymer, Vincent"]
[Black "Abdusattorov, Nodirbek"]
[Result "1-0"]
[WhiteTitle "GM"]
[BlackTitle "GM"]
[WhiteElo "2717"]
[BlackElo "2716"]
[WhiteFideId "12940690"]
[BlackFideId "14204118"]
[EventDate "2023.09.08"]

1. c4 c5 2. g3 g6 3. Bg2 Bg7 4. Nc3 Nc6 5. d3 d6 6. a3 e6 7. Bd2 Nge7 8. Rb1 a5
9. h4 h6 10. e4 O-O 11. Nge2 e5 12. Nd5 Bg4 13. f3 Bd7 14. h5 g5 15. O-O f5 16.
f4 Nxd5 17. cxd5 Nd4 18. Nxd4 cxd4 19. fxg5 hxg5 20. exf5 Bxf5 21. Rxf5 Rxf5 22.
Qg4 Qf6 23. Be4 Rf8 24. Bxf5 Qxf5 25. Qxf5 Rxf5 26. Rf1 Rxf1+ 27. Kxf1 a4 28.
Bxg5 e4 29. Bf4 e3 30. Bxd6 Kf7 31. Ke2 Kf6 32. Bf4 Kf5 33. Kf3 b5 34. g4+ Kf6
35. g5+ Kf5 36. d6 Bf8 37. g6 1-0

[Event "Tata Steel IND Blitz Open"]
[Site "Kolkata IND"]
[Date "2023.09.08"]
[Round "6.1"]
[White "Harikrishna, Pentala"]
[Black "Keymer, Vincent"]
[Result "1-0"]
[WhiteTitle "GM"]
[BlackTitle "GM"]
[WhiteElo "2711"]
[BlackElo "2717"]
[WhiteFideId "5007003"]
[BlackFideId "12940690"]
[EventDate "2023.09.08"]

1. d4 Nf6 2. Nf3 e6 3. c4 d5 4. Nc3 c6 5. cxd5 exd5 6. Bg5 Bf5 7. e3 Be7 8. Bd3
Bxd3 9. Qxd3 Nbd7 10. O-O O-O 11. h3 a5 12. Bf4 Re8 13. Qc2 h6 14. Rab1 Bf8 15.
a3 Nb6 16. Ne5 Nfd7 17. Nd3 Nc4 18. Ra1 Qf6 19. Rfe1 Qg6 20. Re2 a4 21. Rae1 b5
22. e4 dxe4 23. Nxe4 Re6 24. Bg3 Qf5 25. Nf4 Re7 26. Nd3 Rae8 27. f3 Nf6 28. Ne5
Re6 29. Nxc4 bxc4 30. Nxf6+ Qxf6 31. Rxe6 Rxe6 32. Qxc4 Rxe1+ 33. Bxe1 Qe6 34.
Qxe6 fxe6 35. Bb4 Bxb4 36. axb4 Kf7 37. Kf2 Ke7 38. Ke3 Kd6 39. Ke4 Kd7 40. Kd3
Kc7 41. Kc4 Kb6 42. f4 h5 43. h4 g6 44. g3 Kb7 45. Kc5 Kc7 46. b5 1-0

[Event "Tata Steel IND Blitz Open"]
[Site "Kolkata IND"]
[Date "2023.09.08"]
[Round "6.2"]
[White "Grischuk, Alexander"]
[Black "Praggnanandhaa, R"]
[Result "1/2-1/2"]
[WhiteTitle "GM"]
[BlackTitle "GM"]
[WhiteElo "2732"]
[BlackElo "2727"]
[WhiteFideId "4126025"]
[BlackFideId "25059530"]
[EventDate "2023.09.08"]

1. d4 Nf6 2. c4 e6 3. Bg5 Bb4+ 4. Nd2 h6 5. Bh4 Nc6 6. Nf3 g5 7. Bg3 g4 8. a3
Be7 9. Ne5 Nxd4 10. e3 Nf5 11. Nxg4 d6 12. Nxf6+ Bxf6 13. Qc2 Bd7 14. Bd3 Nxg3
15. hxg3 Qe7 16. O-O-O O-O-O 17. Kb1 Kb8 18. Be4 Bc8 19. Nb3 c6 20. Bf3 d5 21.
cxd5 exd5 22. Nc5 Bg7 23. Rh4 Be5 24. Ra4 Bd6 25. Nb3 h5 26. Qc3 h4 27. Qa5 a6
28. gxh4 Rxh4 29. Nd4 Rdh8 30. Rc1 Bc7 31. Qc3 Be5 32. Rb4 Bxd4 33. Rxd4 Qf6 34.
Rxh4 Qxc3 35. Rxc3 Rxh4 36. Kc2 Kc7 37. Kd2 Kd6 38. Rd3 Ke5 39. Rc3 a5 40. Rc1
Bf5 41. g3 Rh2 42. Ke2 Be6 43. Rh1 Rxh1 44. Bxh1 d4 45. f4+ Kf5 46. exd4 Bc4+
47. Ke3 Kg4 48. Kf2 Be6 49. Bf3+ Kh3 50. b4 axb4 51. axb4 f5 52. Be2 Bd7 53. Bd3
Kh2 54. Bc4 Kh3 55. Bf1+ Kh2 56. Bg2 Be6 57. Bf3 Bd7 58. Be2 Kh3 59. Bf1+ Kh2
60. Bc4 Kh3 61. Kf3 Kh2 62. Bf7 Kh3 63. d5 cxd5 64. Bxd5 b6 65. Kf2 Bc8 66. Bc4
Bd7 67. Bd3 Bc8 68. Bb5 Be6 69. Bc6 Bc8 70. Bg2+ Kh2 71. Bf1 Bd7 72. Bc4 Kh3 73.
Bf7 Bc8 74. Bh5 Bd7 75. Bf3 Bc8 76. Bg2+ Kh2 77. Bf1 Bd7 78. Bd3 Kh3 79. Bc2 Bc8
80. Bb1 Bd7 81. Ba2 Bc8 82. Bf7 Bd7 83. Bg6 Bc8 84. Bh7 Bd7 85. Bg8 Kh2 86. Bd5
Kh3 1/2-1/2

[Event "Tata Steel IND Blitz Open"]
[Site "Kolkata IND"]
[Date "2023.09.08"]
[Round "6.3"]
[White "Vidit, Santosh Gujrathi"]
[Black "Radjabov, Teimour"]
[Result "1-0"]
[WhiteTitle "GM"]
[BlackTitle "GM"]
[WhiteElo "2716"]
[BlackElo "2745"]
[WhiteFideId "5029465"]
[BlackFideId "13400924"]
[EventDate "2023.09.08"]

1. d4 Nf6 2. c4 e6 3. Nc3 d5 4. cxd5 exd5 5. Bg5 Be7 6. e3 O-O 7. Bd3 c6 8. Nge2
Re8 9. O-O Nh5 10. Bxe7 Qxe7 11. Qd2 Nd7 12. Rae1 Nhf6 13. Ng3 Nf8 14. f3 Qd6
15. Bb1 Be6 16. e4 dxe4 17. fxe4 Qd8 18. e5 Nd5 19. Nce4 Qb6 20. Kh1 Qb4 21. Qf2
Ng6 22. Nd6 Rf8 23. Nge4 Rad8 24. a3 Qb6 25. Nc5 Ndf4 26. Re4 Nd5 27. h4 Nge7
28. h5 Nc8 29. Ndxb7 Rde8 30. h6 f5 31. hxg7 Rf7 32. Rh4 Rxg7 33. Nxe6 Rxe6 34.
Qxf5 Re8 35. Qh5 Ree7 36. Nd6 Qxb2 37. Rh2 Ne3 38. Nxc8 Ref7 39. Rg1 Ng4 40. Rh4
Qxd4 41. Rxg4 Rxg4 42. g3 Rf2 43. Qxh7+ Kf8 44. Qh8+ Rg8 45. Qh6+ Rg7 46. Nd6
Qg4 47. Qh8+ Ke7 48. Qe8# 1-0

[Event "Tata Steel IND Blitz Open"]
[Site "Kolkata IND"]
[Date "2023.09.08"]
[Round "6.5"]
[White "Vachier-Lagrave, Maxime"]
[Black "Abdusattorov, Nodirbek"]
[Result "1-0"]
[WhiteTitle "GM"]
[BlackTitle "GM"]
[WhiteElo "2727"]
[BlackElo "2716"]
[WhiteFideId "623539"]
[BlackFideId "14204118"]
[EventDate "2023.09.08"]

1. d4 d5 2. Nf3 Nf6 3. Bf4 c5 4. e3 e6 5. Nbd2 Qb6 6. Qc1 Nc6 7. c3 Bd7 8. Bd3
Rc8 9. O-O Be7 10. h3 O-O 11. a3 Rfd8 12. Qb1 a5 13. dxc5 Qxc5 14. b4 axb4 15.
cxb4 Qb6 16. Qb2 Ne8 17. Rac1 Ra8 18. e4 Bf6 19. e5 Be7 20. Be3 d4 21. Nxd4 Nxe5
22. Be2 Qd6 23. Ne4 Qd5 24. Nc3 Qd6 25. Rfd1 Qb8 26. Ne4 Nf6 27. Nc5 Nd5 28.
Nxd7 Rxd7 29. Bd2 Bf6 30. Qb3 Ng6 31. Bb5 Rd8 32. Nf3 Ngf4 33. a4 h6 34. Bf1 Qa7
35. a5 Qb8 36. Re1 b6 37. Rb1 Rc8 38. Bc4 bxa5 39. bxa5 Qxb3 40. Bxb3 Nc3 41.
Bxf4 Nxb1 42. Rxb1 Rxa5 43. Bd1 g5 44. Be3 Rca8 45. Bc2 Ra1 46. Rxa1 Rxa1+ 47.
Kh2 Ra2 48. Be4 Be7 49. g3 Ra5 50. Nd4 Ra4 51. Bc6 Rc4 52. Bb5 Rb4 53. Ba6 Bc5
54. Nc6 Rb6 55. Ne7+ Kg7 56. Bxc5 Rxa6 57. Nc8 Rc6 58. Bd4+ e5 59. Bxe5+ f6 60.
Ne7 Re6 61. Bd6 h5 62. Bc5 Re4 63. Nf5+ Kg6 64. Ne3 f5 65. Ng2 Rc4 66. Be3 Ra4
67. h4 f4 68. gxf4 g4 69. Kg3 Ra3 70. f3 Kf5 71. fxg4+ hxg4 72. h5 Rc3 73. h6
Kg6 74. Kxg4 Kxh6 75. f5+ Kh7 76. Bf4 Ra3 77. Ne3 Kg7 78. Nc4 Ra2 79. Be5+ Kf7
80. Nd6+ Ke7 81. Ne4 Re2 82. Kf4 Re1 83. Bc3 Rf1+ 84. Ke5 Kf7 85. Nd6+ Ke7 86.
Bb4 Rb1 87. f6+ Kd7 88. Bc5 Rc1 89. Ne4 Rf1 90. Bf2 Ra1 91. Kf5 Ke8 92. Kg6 Kd7
93. f7 Ra8 94. Nf6+ Ke7 95. Bc5+ Ke6 96. Ne8 Kd5 1-0

[Event "Tata Steel IND Blitz Open"]
[Site "Kolkata IND"]
[Date "2023.09.08"]
[Round "7.2"]
[White "Radjabov, Teimour"]
[Black "Gukesh, D"]
[Result "0-1"]
[WhiteTitle "GM"]
[BlackTitle "GM"]
[WhiteElo "2745"]
[BlackElo "2758"]
[WhiteFideId "13400924"]
[BlackFideId "46616543"]
[EventDate "2023.09.08"]

1. d4 Nf6 2. c4 e6 3. Nf3 Nc6 4. Nc3 Bb4 5. Bd2 Bxc3 6. Bxc3 Ne4 7. Rc1 O-O 8.
e3 d6 9. Be2 Qe7 10. d5 Nxc3 11. Rxc3 Nb8 12. dxe6 fxe6 13. O-O b6 14. b4 a5 15.
a3 axb4 16. axb4 Nd7 17. Nd4 Bb7 18. Bf3 Bxf3 19. Nxf3 Ra2 20. Rc2 Ra4 21. c5
Rxb4 22. cxd6 cxd6 23. Rc7 d5 24. Nd4 Rc4 25. Ra7 Rf7 26. h3 Qf6 27. Qg4 Nf8 28.
Qg3 Rxa7 0-1

[Event "Tata Steel IND Blitz Open"]
[Site "Kolkata IND"]
[Date "2023.09.08"]
[Round "7.3"]
[White "Praggnanandhaa, R"]
[Black "Vidit, Santosh Gujrathi"]
[Result "0-1"]
[WhiteTitle "GM"]
[BlackTitle "GM"]
[WhiteElo "2727"]
[BlackElo "2716"]
[WhiteFideId "25059530"]
[BlackFideId "5029465"]
[EventDate "2023.09.08"]

1. e4 e5 2. Nf3 Nc6 3. Bc4 Bc5 4. d3 d6 5. c3 Nf6 6. Nbd2 O-O 7. h3 Bb6 8. Bb3
Be6 9. O-O Bxb3 10. Qxb3 d5 11. exd5 Qxd5 12. Qxd5 Nxd5 13. Nc4 f6 14. a4 a5 15.
Nxb6 Nxb6 16. Be3 Nd5 17. Rfe1 Rad8 18. Rad1 Rd7 19. d4 exd4 20. Bxd4 Rfd8 21.
Bc5 b6 22. Ba3 Kf7 23. Re4 g5 24. g3 h6 25. Rde1 h5 26. Rc4 Nb8 27. Nd4 c5 28.
Nf5 Nc6 29. Rce4 Ne5 30. Kg2 Kg6 31. Ne3 Nxe3+ 32. R1xe3 Kf5 33. Re2 Rd3 34.
R4e3 Rxe3 35. Rxe3 Nc4 36. Re2 g4 37. hxg4+ hxg4 38. Re7 Rd1 39. Rc7 Ne5 40. Rh7
Nf3 41. Rh1 Ne1+ 42. Kh2 Ke4 43. b4 Nf3+ 44. Kg2 Rxh1 45. Kxh1 Kd5 46. bxa5 bxa5
47. Kg2 Nd2 48. Kg1 Kc4 49. Bc1 Kxc3 0-1

[Event "Tata Steel IND Blitz Open"]
[Site "Kolkata IND"]
[Date "2023.09.08"]
[Round "7.4"]
[White "Keymer, Vincent"]
[Black "Grischuk, Alexander"]
[Result "0-1"]
[WhiteTitle "GM"]
[BlackTitle "GM"]
[WhiteElo "2717"]
[BlackElo "2732"]
[WhiteFideId "12940690"]
[BlackFideId "4126025"]
[EventDate "2023.09.08"]

1. Nf3 d5 2. e3 Nf6 3. c4 e6 4. Nc3 c5 5. cxd5 exd5 6. d4 Nc6 7. Bb5 cxd4 8.
Nxd4 Bd7 9. Nf3 Bb4 10. O-O Bxc3 11. bxc3 O-O 12. Rb1 Na5 13. Ba3 Re8 14. Bd3
Rc8 15. h3 Ne4 16. Bb4 Nc4 17. Bxc4 dxc4 18. Nd2 Bf5 19. Nxe4 Bxe4 20. Qxd8
Rexd8 21. Rbd1 Bd3 22. Rfe1 b6 23. e4 a5 24. Ba3 b5 25. Rd2 h6 26. f3 Rc6 27.
Kf2 Rb8 28. Rb2 b4 29. cxb4 c3 30. Rb3 Bc2 31. b5 Rcc8 0-1

[Event "Tata Steel IND Blitz Open"]
[Site "Kolkata IND"]
[Date "2023.09.08"]
[Round "7.5"]
[White "Abdusattorov, Nodirbek"]
[Black "Harikrishna, Pentala"]
[Result "1-0"]
[WhiteTitle "GM"]
[BlackTitle "GM"]
[WhiteElo "2716"]
[BlackElo "2711"]
[WhiteFideId "14204118"]
[BlackFideId "5007003"]
[EventDate "2023.09.08"]

1. e4 e5 2. Nf3 Nc6 3. Bc4 Bc5 4. d3 d6 5. Nc3 Na5 6. Bg5 Qd7 7. Bd5 Ne7 8. a3
Nac6 9. Ba2 O-O 10. O-O Ng6 11. Nd5 a6 12. h4 Nge7 13. c3 Ba7 14. h5 h6 15.
Nxe7+ Nxe7 16. Bh4 g5 17. Bg3 Qg4 18. d4 Kg7 19. Nh2 Qxd1 20. Raxd1 Nc6 21. dxe5
dxe5 22. Kh1 f6 23. f3 Rd8 24. Rxd8 Nxd8 25. Rd1 Be6 26. Bxe6 Nxe6 27. Rd7+ Kf8
28. Ng4 Rd8 29. Nxf6 Rxd7 30. Nxd7+ Ke7 31. Nxe5 Be3 32. Ng4 Bc1 33. b3 Bxa3 34.
Nxh6 Bb2 35. Nf5+ Kf7 36. c4 a5 37. Bf2 c6 38. Nd6+ Kg7 39. Nxb7 Nf4 40. g4 Bc3
41. Nd8 Nd3 42. Kg2 Nc1 43. Nxc6 Nxb3 44. Na7 a4 45. Nb5 Bb2 46. Be3 Kh6 47. f4
gxf4 48. Bxf4+ Kh7 49. Bd6 Nd2 50. Ba3 Bf6 51. c5 Nc4 52. c6 Be5 53. g5 Bf4 54.
Kf3 Bxg5 55. c7 Nb6 56. Bc5 Nc8 57. Na7 1-0

[Event "Tata Steel IND Blitz Open"]
[Site "Kolkata IND"]
[Date "2023.09.08"]
[Round "8.1"]
[White "Grischuk, Alexander"]
[Black "Abdusattorov, Nodirbek"]
[Result "1/2-1/2"]
[WhiteTitle "GM"]
[BlackTitle "GM"]
[WhiteElo "2732"]
[BlackElo "2716"]
[WhiteFideId "4126025"]
[BlackFideId "14204118"]
[EventDate "2023.09.08"]

1. d4 Nf6 2. c4 e6 3. Nf3 d5 4. Nc3 c5 5. e3 dxc4 6. Bxc4 a6 7. a4 Nc6 8. O-O
Be7 9. Qe2 O-O 10. Rd1 Qc7 11. b3 b6 12. Bb2 Bb7 13. d5 exd5 14. Nxd5 Nxd5 15.
Bxd5 Rad8 16. e4 Nb4 17. Bc4 Qf4 18. Re1 Bf6 19. g3 Qh6 20. Ne5 Bxe5 21. Bxe5
Nc6 22. Qb2 Nd4 23. Bxd4 Rxd4 24. Rad1 Rfd8 25. Qc1 Qf6 26. Rxd4 Rxd4 27. Qc2 h5
28. h4 Qf3 29. Re3 Qg4 30. Qe2 Qg6 31. Kh2 Bxe4 32. Bxa6 f5 33. Bd3 Kh7 34. Bxe4
fxe4 35. Kg2 Qf5 36. Qe1 Kg6 37. Qe2 Qd5 38. Qb5 Qd6 39. Qe8+ Kh6 40. Qh8+ Kg6
41. Qe8+ Kh6 42. Rxe4 Rxe4 43. Qxe4 Qd8 44. Qf5 g6 45. Qf4+ Kh7 46. Qf7+ Kh6 47.
Qc4 Qe7 48. Qf4+ Kh7 49. Qf3 Qe6 50. Qd3 Qc6+ 51. Kg1 Qe6 52. Qc4 Qd6 53. Kg2
Qe7 54. Qd5 Kg7 55. Kf3 Kh7 56. Kg2 Kg7 57. Qc4 Qb7+ 58. Kg1 Qd7 59. Qc3+ Kh7
60. Qe3 Kg7 61. Kh2 Kh7 62. a5 bxa5 63. Qxc5 Qd2 64. Kg2 Qd8 65. Qa7+ Kg8 66.
Qe3 Qd5+ 67. Qf3 Qd8 68. Qc6 Kg7 69. Qb7+ Kg8 70. Qb5 Kg7 71. Qc4 Qa8+ 72. Kg1
Qd8 73. Qc3+ Kh7 74. Kg2 Qd5+ 75. Qf3 Qd7 76. Qe4 Qf7 77. Qd3 Qb7+ 78. Kg1 Qe7
79. Qc4 Qe1+ 80. Kg2 Qe7 81. Qd5 Qc7 82. Kf3 Qc3+ 83. Kg2 Qc7 84. Qb5 Qe7 85.
Qxa5 Qb7+ 86. Kg1 Qxb3 87. Qa7+ Kg8 88. Qe3 Qd1+ 89. Kg2 Qd5+ 90. f3 Qa2+ 91.
Qf2 Qb1 92. Qe2 Kg7 93. Qe5+ Kg8 94. Qe4 Qa2+ 95. Kh3 Qa6 96. Qd5+ Kg7 97. Qd4+
Kg8 98. Kg2 Qe2+ 99. Qf2 Qd3 100. Qb2 Qd7 101. Qe2 Kh7 102. g4 hxg4 103. fxg4
Qd5+ 104. Qf3 Qd2+ 105. Kh3 Qd7 106. Qe4 Qf7 107. h5 Qf1+ 108. Kg3 Qf6 109.
hxg6+ Qxg6 110. Qe7+ Kg8 111. Kf4 Qh6+ 112. Qg5+ Qxg5+ 113. Kxg5 Kg7 1/2-1/2

[Event "Tata Steel IND Blitz Open"]
[Site "Kolkata IND"]
[Date "2023.09.08"]
[Round "8.2"]
[White "Vidit, Santosh Gujrathi"]
[Black "Keymer, Vincent"]
[Result "1-0"]
[WhiteTitle "GM"]
[BlackTitle "GM"]
[WhiteElo "2716"]
[BlackElo "2717"]
[WhiteFideId "5029465"]
[BlackFideId "12940690"]
[EventDate "2023.09.08"]

1. d4 Nf6 2. c4 e6 3. Nc3 Bb4 4. e3 O-O 5. Bd3 d5 6. Nf3 dxc4 7. Bxc4 c5 8. O-O
cxd4 9. exd4 b6 10. Bg5 Bb7 11. Qe2 Bxc3 12. bxc3 Nc6 13. Ne5 Ne7 14. Rad1 Rc8
15. Rd3 Ne4 16. Bh4 Qc7 17. Rh3 Nf5 18. Bd3 Nxc3 19. Qh5 h6 20. Bf6 Be4 21. Bxg7
Bxd3 22. Bxh6 Be2 23. Qg5+ 1-0

[Event "Tata Steel IND Blitz Open"]
[Site "Kolkata IND"]
[Date "2023.09.08"]
[Round "8.3"]
[White "Vachier-Lagrave, Maxime"]
[Black "Harikrishna, Pentala"]
[Result "1-0"]
[WhiteTitle "GM"]
[BlackTitle "GM"]
[WhiteElo "2727"]
[BlackElo "2711"]
[WhiteFideId "623539"]
[BlackFideId "5007003"]
[EventDate "2023.09.08"]

1. c4 e6 2. Nc3 d5 3. d4 Nf6 4. cxd5 exd5 5. Bg5 Be7 6. e3 O-O 7. Bd3 Re8 8. Nf3
h6 9. Bf4 c5 10. dxc5 Bxc5 11. O-O Nc6 12. Nb5 Re7 13. Rc1 Bb6 14. h3 Be6 15.
Nfd4 Nxd4 16. Nxd4 Rc8 17. Qf3 Bc7 18. Bxh6 Ne4 19. Bf4 Nd2 20. Qh5 Ne4 21. Bxe4
dxe4 22. Nxe6 Rxe6 23. Rfd1 Qe7 24. Qc5 Qxc5 25. Rxc5 Rc6 26. Rxc6 bxc6 27. Bxc7
Rxc7 28. Rd4 f5 29. g4 g6 30. Rd6 Kf7 31. Kg2 c5 32. b3 c4 33. bxc4 Rxc4 34. Ra6
Rc2 35. Kg3 Kg7 36. a4 Ra2 37. a5 Kf7 38. gxf5 gxf5 39. Rxa7+ Kg6 40. Ra8 Kg7
41. a6 Kf7 42. a7 Kg7 43. Kh4 Kh7 44. Kg5 Ra5 45. Kf6 1-0

[Event "Tata Steel IND Blitz Open"]
[Site "Kolkata IND"]
[Date "2023.09.08"]
[Round "8.4"]
[White "Gukesh, D"]
[Black "Praggnanandhaa, R"]
[Result "1-0"]
[WhiteTitle "GM"]
[BlackTitle "GM"]
[WhiteElo "2758"]
[BlackElo "2727"]
[WhiteFideId "46616543"]
[BlackFideId "25059530"]
[EventDate "2023.09.08"]

1. d4 Nf6 2. c4 e6 3. Nf3 Bb4+ 4. Nbd2 O-O 5. a3 Be7 6. e4 d6 7. Be2 Nfd7 8. O-O
e5 9. Re1 exd4 10. Nxd4 Re8 11. Nf1 a5 12. Ng3 Nc5 13. Be3 a4 14. f3 Bd7 15. Qc2
Nc6 16. Rad1 Nxd4 17. Bxd4 Ne6 18. Bf2 Bg5 19. Bf1 b6 20. Nf5 Nc5 21. Ne3 Bxe3
22. Rxe3 Qg5 23. g3 f5 24. h4 Qh6 25. e5 dxe5 26. Re2 Re7 27. Rd5 Rae8 28. Bg2
Bc6 29. Rd1 Qf6 30. Rde1 Nd7 31. Qc3 h6 32. Kh2 Kh8 33. c5 b5 34. Bh3 e4 35.
Qxf6 Nxf6 36. Bxf5 Re5 37. g4 g6 38. Bxg6 exf3 39. Rxe5 Rxe5 40. Rxe5 Nxg4+ 41.
Kg3 Nxe5 42. Bd4 Kg7 43. Bd3 Kf6 44. Kf4 Ke6 45. Bxe5 Kd5 46. Be4+ Kxc5 47. Bxc6
Kxc6 48. Kxf3 h5 49. Kf4 Kd7 50. Kg5 c5 51. Kxh5 Ke6 52. Bc3 Kd5 1-0

[Event "Tata Steel IND Blitz Open"]
[Site "Kolkata IND"]
[Date "2023.09.08"]
[Round "9.1"]
[White "Radjabov, Teimour"]
[Black "Vachier-Lagrave, Maxime"]
[Result "0-1"]
[WhiteTitle "GM"]
[BlackTitle "GM"]
[WhiteElo "2745"]
[BlackElo "2727"]
[WhiteFideId "13400924"]
[BlackFideId "623539"]
[EventDate "2023.09.08"]

1. d4 Nf6 2. c4 e6 3. Nf3 d5 4. Nc3 Nbd7 5. e3 Be7 6. b3 O-O 7. Bb2 b6 8. cxd5
Nxd5 9. Nxd5 exd5 10. Qc2 Bb7 11. Bd3 h6 12. Rc1 Rc8 13. O-O c5 14. Qe2 Bd6 15.
Rfd1 Qe7 16. Ba6 Bxa6 17. Qxa6 Rc7 18. dxc5 Nxc5 19. Qe2 Rd8 20. h3 Ne4 21. Rxc7
Bxc7 22. Ba1 Bd6 23. Qb2 Nf6 24. Qc3 Qb7 25. Qd4 Bc5 26. Qh4 Be7 27. Qd4 Bc5 28.
Qb2 a5 29. Ne5 Bf8 30. Qd4 Rc8 31. Qd3 Ne4 32. Bd4 b5 33. f3 Nc5 34. Qf5 Ne6 35.
Bb2 a4 36. Qd3 a3 37. Ba1 b4 38. Kf2 Be7 39. f4 Bh4+ 40. Kg1 Bf6 41. Nf3 Bxa1
42. Rxa1 Rc3 43. Qd2 Qb6 44. Qxd5 Qxe3+ 45. Kh1 Qxf4 46. Rd1 Rc2 47. Ne5 Rxa2
48. Nd3 Qb8 49. Rf1 Rd2 50. Qf5 Qa7 51. Nxb4 a2 52. Nxa2 Rxa2 53. Rc1 Ra1 0-1

[Event "Tata Steel IND Blitz Open"]
[Site "Kolkata IND"]
[Date "2023.09.08"]
[Round "9.3"]
[White "Keymer, Vincent"]
[Black "Gukesh, D"]
[Result "1-0"]
[WhiteTitle "GM"]
[BlackTitle "GM"]
[WhiteElo "2717"]
[BlackElo "2758"]
[WhiteFideId "12940690"]
[BlackFideId "46616543"]
[EventDate "2023.09.08"]

1. c4 c5 2. g3 g6 3. Bg2 Bg7 4. Nc3 Nc6 5. d3 d6 6. a3 e6 7. Bd2 Nge7 8. Rb1 a5
9. h4 h6 10. Qc1 b6 11. Nh3 Bb7 12. O-O Qd7 13. Nb5 Nf5 14. Bc3 O-O 15. Bxg7
Kxg7 16. Qc3+ e5 17. e3 f6 18. Kh2 g5 19. h5 g4 20. Ng1 Qf7 21. Ne2 Qxh5+ 22.
Kg1 Rad8 23. b4 Rd7 24. bxc5 dxc5 25. Qc2 Rfd8 26. Nbc3 Nce7 27. e4 Nd4 28. Nxd4
exd4 29. Na4 Bc6 30. Nxb6 Ra7 31. Nd5 Ng6 32. Rb6 Bxd5 33. cxd5 Ne5 34. Rfb1
Rdd7 35. Qxc5 Nf3+ 36. Bxf3 gxf3 37. Qc1 Rac7 38. Rc6 Rb7 39. Rxb7 Rxb7 40. Rc7+
Rxc7 41. Qxc7+ Kg6 42. Qf4 Qg5 43. Qxf3 Qc1+ 44. Kg2 Qxa3 45. Qf5+ Kf7 46. Qe6+
Kg7 47. d6 Qxd3 48. Qe7+ Kg6 49. d7 1-0